000 00743aab a2200193 i 4500
001 768714001
003 CO-MdFUSB
005 20240422115535.0
008 240408t1991 ag ||||| |||| 00| 0 spa d
040 _bspa
_cCO-MdFUSB
041 _aspa
100 1 _aArana, Pedro
_eautor
245 _aTestimonio político
_c/ Pedro Arana
300 _aVolumen10, número 3 (julio - septiembre, 1991), páginas: 14 -18
_c; 27 cm
520 _aEste artículo narra la experiencia y el compromiso del autor con su fe en Jesucristo y la política de su país.
650 7 _aClero --
_bActividad política
_941
773 0 _tIglesia y Misión
_049402
_959664
_gVolumen10, número 3 (julio - septiembre, 1991), páginas: 14 -18
_qpágina: 14
942 _cANA
999 _c51924
_d51924